000
00461nam a2200145Ia 4500
008
100122s9999 xx 000 0 und d
082
_b
71069
_a
823.08
100
_a
चांदोरकर स्वाती
245
_a
सेलिब्रेशन
260
_b
मेहता पब्लिशिंग हाऊस
_c
2007
300
_a
180
630
_a
सेलिब्रेशन
730
_a
सेलिब्रेशन
942
_c
BOOK
999
_c
441754
_d
441751